000 00451nam a2200157 a 4500
001 15884
005 20180713204651.0
008 140415s1995 000 0 spa d
020 _a0314033491
041 _aspa
082 _a343.7304
_bWES
245 0 0 _aWESTS FEDERAL TAXATION :
_bCOMPREHENSIVE VOLUME
260 _a[s.l.] :
_bWEST PUBLISHING COMPANY,
_c1995
300 _a1298
650 1 4 _aIMPUESTO SOBRE LA RENTA
_xESTADOS UNIDOS
999 _c15884
_d15884